MyGZULibrary

The world in between : (Record no. 1062)

MARC details
000 -LEADER
fixed length control field 01153cam a2200325 a 4500
001 - CONTROL NUMBER
control field 4269551
003 - CONTROL NUMBER IDENTIFIER
control field GZU
005 - DATE AND TIME OF LATEST TRANSACTION
control field 20200922120842.0
008 - FIXED-LENGTH DATA ELEMENTS--GENERAL INFORMATION
fixed length control field 850703s1984 enk b 000 0 eng
010 ## - LIBRARY OF CONGRESS CONTROL NUMBER
LC control number 84191633
020 ## - INTERNATIONAL STANDARD BOOK NUMBER
International Standard Book Number 0883443546 (Orbis)
040 ## - CATALOGING SOURCE
Original cataloging agency DLC
Transcribing agency DLC
Modifying agency DLC
043 ## - GEOGRAPHIC AREA CODE
Geographic area code fb-----
050 00 - LIBRARY OF CONGRESS CALL NUMBER
Classification number BT732.5
Item number .MIL 1984
082 00 - DEWEY DECIMAL CLASSIFICATION NUMBER
Classification number 234/.13
Edition number 19
100 1# - MAIN ENTRY--PERSONAL NAME
Personal name Milingo, Emmanuel,
Dates associated with a name 1930-
245 14 - TITLE STATEMENT
Title The world in between :
Remainder of title Christian healing and the struggle for spiritual survival /
Statement of responsibility, etc. by E. Milingo ; edited, with introduction, commentary, and epilogue, by Mona Macmillan.
260 ## - PUBLICATION, DISTRIBUTION, ETC.
Place of publication, distribution, etc. London :
Name of publisher, distributor, etc. C. Hurst ;
Place of publication, distribution, etc. Maryknoll, N.Y. :
Name of publisher, distributor, etc. Orbis Books,
Date of publication, distribution, etc. c1984.
300 ## - PHYSICAL DESCRIPTION
Extent vi, 138 p. ;
Dimensions 23 cm.
504 ## - BIBLIOGRAPHY, ETC. NOTE
Bibliography, etc. note Bibliography: p. 138.
600 10 - SUBJECT ADDED ENTRY--PERSONAL NAME
Personal name Milingo, Emmanuel,
Dates associated with a name 1930-
650 #0 - SUBJECT ADDED ENTRY--TOPICAL TERM
Topical term or geographic name entry element Spiritual healing.
650 #0 - SUBJECT ADDED ENTRY--TOPICAL TERM
Topical term or geographic name entry element Demonology
Geographic subdivision Africa, Sub-Saharan.
650 #0 - SUBJECT ADDED ENTRY--TOPICAL TERM
Topical term or geographic name entry element Spirituality
Geographic subdivision Africa, Sub-Saharan.
650 #0 - SUBJECT ADDED ENTRY--TOPICAL TERM
Topical term or geographic name entry element Christian life
General subdivision Catholic authors.
700 1# - ADDED ENTRY--PERSONAL NAME
Personal name Macmillan, Mona,
Dates associated with a name 1908-2003.
906 ## - LOCAL DATA ELEMENT F, LDF (RLIN)
a 7
b cbc
c orignew
d 3
e ncip
f 19
g y-gencatlg
942 ## - ADDED ENTRY ELEMENTS (KOHA)
Source of classification or shelving scheme Library of Congress Classification
Koha item type Books
Classification part 732.5
Item part MIL
Call number prefix BT
Holdings
Withdrawn status Lost status Damaged status Not for loan Collection code Home library Current library Shelving location Date acquired Total Checkouts Full call number Barcode Date last seen Copy number Price effective from Koha item type
        Non-fiction City Campus Library City Campus Library General Stacks 09/22/2020   BT 732.5 MIL 1985 B016411 09/22/2020 c.1 09/22/2020 Books